header

Planning for the installation and rollout of WebSphere Studio Application Monitor 3.1 (Record no. 106672)

MARC details
000 -LEADER
fixed length control field 01539nam a2200373Ia 4500
082 04 - DEWEY DECIMAL CLASSIFICATION NUMBER
Classification number 005.3/76
100 1# - MAIN ENTRY--AUTHOR NAME
Personal name Khimani, Bina.
245 10 - TITLE STATEMENT
Title Planning for the installation and rollout of WebSphere Studio Application Monitor 3.1
250 ## - EDITION STATEMENT
Edition statement 1st ed.
260 ## - PUBLICATION, DISTRIBUTION, ETC. (IMPRINT)
Place of publication Research Triangle Park, N.C. :
Name of publisher IBM Corp., International Technical Support Organization,
Year of publication c2005.
300 ## - PHYSICAL DESCRIPTION
Number of Pages x, 118 p. :
Other physical details ill.
490 1# - SERIES STATEMENT
Series statement Redbooks
500 ## - GENERAL NOTE
General note Includes index.
General note "This edition applies to Version 3, Release 1, Modification 0 of WebSphere Studio Application Monitor for Multiplatforms (product number 5724-K79)."
General note "April 2005."
650 #0 - SUBJECT ADDED ENTRY--TOPICAL TERM
Topical Term Web servers
Topical Term Application software.
700 1# - ADDED ENTRY--PERSONAL NAME
Personal name Mackler, Richard.
856 40 - ELECTRONIC LOCATION AND ACCESS
Uniform Resource Identifier http://site.ebrary.com/lib/rucke/Doc?id=10112905

No items available.

© 2026 Rongo University
Contact us: librarian | system librarian | Rongo university